Online katalóg knižníc regiónu Turca

More vo fľaštičke (Record no. 22773)

MARC details
000 -LEADER
fixed length control field 00667nam a2200241 a 4500
001 - CONTROL NUMBER
control field 22773
003 - CONTROL NUMBER IDENTIFIER
control field SK-KTurca
005 - DATE AND TIME OF LATEST TRANSACTION
control field 20260423125941.0
008 - FIXED-LENGTH DATA ELEMENTS--GENERAL INFORMATION
fixed length control field 060405s1984 xo slo d
020 ## - INTERNATIONAL STANDARD BOOK NUMBER
Terms of availability 28.00
035 ## - SYSTEM CONTROL NUMBER
System control number MIZKGZ13177
040 ## - CATALOGING SOURCE
Original cataloging agency MIZKGZ
Language of cataloging slo
Transcribing agency MIZKGZ
041 0# - LANGUAGE CODE
Language code of text/sound track or separate title slo
245 ## - TITLE STATEMENT
Title More vo fľaštičke
Statement of responsibility, etc. Dušan Kállay
250 ## - EDITION STATEMENT
Edition statement 1. vyd.
260 ## - PUBLICATION, DISTRIBUTION, ETC.
Place of publication, distribution, etc. Bratislava
Name of publisher, distributor, etc. Mladé letá
Date of publication, distribution, etc. 1984
300 ## - PHYSICAL DESCRIPTION
Extent 224 s. viaz.
650 07 - SUBJECT ADDED ENTRY--TOPICAL TERM
Topical term or geographic name entry element autorské rozprávky
Source of heading or term MIZKGZ
700 1# - ADDED ENTRY--PERSONAL NAME
Personal name Kállay, Dušan,
Dates associated with a name 1948-
Relationship ill
700 1# - ADDED ENTRY--PERSONAL NAME
Personal name Sliacky, Ondrej,
Dates associated with a name 1941-
Relationship com
942 ## - ADDED ENTRY ELEMENTS (KOHA)
Source of classification or shelving scheme Dewey Decimal Classification
Koha item type Krásna literatúra pre deti
Suppress in OPAC No
Holdings
Stav vyradenia Strata Poškodenie Spôsob nadobudnutia Domovská knižnica Aktuálna knižnica Dátum nadobudnutia Total checkouts Čiarový kód exemplára Date last seen Typ exemplára
      Dar Obecná knižnica Belá-Dulice Obecná knižnica Belá-Dulice 23.04.2026   4735903406 23.04.2026 Krásna literatúra pre deti
Projekt je podporený Slovenskou asociáciou knižníc
Prevádzkuje Turčianska knižnica Martin 2026